| 000 | 00666nam a2200229 i 4500 | ||
|---|---|---|---|
| 001 | 175527 | ||
| 003 | ES-MaACL | ||
| 005 | 20250824201131.0 | ||
| 007 | t| | ||
| 008 | 101103s1983 sp a r ||||1| spa d | ||
| 020 | _a84-85551-26-5 | ||
| 080 | _a821.134.2-1"19" | ||
| 100 | 1 |
_aAbad, Antonio, _d1949- _917896 |
|
| 245 | 1 | 0 |
_aInvención del paisaje / _cAntonio Abad. |
| 250 | _a1ª ed. | ||
| 260 |
_aGranada : _bAntonio Ubago, _c1983. |
||
| 300 |
_a68 p. : _bil. bl. y n. ; _c22 cm. |
||
| 490 | 1 |
_aÁnade. Libros de poesía ; _v16 |
|
| 830 | 0 | 0 |
_aÁnade. _pLibros de poesía _v16 _9189790 |
| 852 |
_aES-MaACL _jE-13424 _xOlim P-330 |
||
| 999 |
_c175527 _d175527 |
||